书目信息 |
| 题名: |
现代与现代主义
|
|
| 作者: | 卡尔 著 ;陈永国 , 傅景川 译 | |
| 分册: | ||
| 出版信息: | 北京 中国人民大学出版社 2010 |
|
| 页数: | 10,592页 | |
| 开本: | 23cm | |
| 丛书名: | 朗朗书房 | |
| 单 册: | ||
| 中图分类: | I109.9 | |
| 科图分类: | ||
| 主题词: | 现代主义--文艺评论--西方国家 , 现代主义 , 文艺评论 | |
| 电子资源: | ||
| ISBN: | 978-7-300-05687-6 | |
| 000 | 01416oam2 2200325 45 | |
| 001 | 1029461999 | |
| 005 | 20100428091304.01 | |
| 010 | @a978-7-300-05687-6@dCNY39.80 | |
| 100 | @a20100426d2010 kemy0chiy0110 ea | |
| 101 | 1 | @achi@ceng |
| 102 | @aCN@b110000 | |
| 105 | @ay z 000yy | |
| 106 | @ar | |
| 200 | 1 | @a现代与现代主义@AXian Dai Yu Xian Dai Zhu Yi@e艺术家的主权1885~1925@EYi Shu Jia De Zhu Quan 1885~1925@f(美)弗雷德里克·R·卡尔(Frederick R.Karl)著@F( Mei ) Fu Lei De Li Ke· R· Ka Er (Frederick R.Karl) Zhu@g陈永国,傅景川译 |
| 210 | @a北京@c中国人民大学出版社@d2010 | |
| 215 | @a10,592页@d23cm | |
| 225 | 2 | @a朗朗书房@i20世纪西方学术思想译丛 |
| 330 | @a本书是一部以现代西方一种重要文艺现象——现代主义为研究对象的论著。内容广涉文学、绘画、音乐、舞蹈、建筑、美学、哲学、心理学、自然科学等众多领域,着力澄清在此之前关于现代主义的一些模糊认识和尚未解决的问题。 | |
| 462 | 0 | @12001 @a20世纪西方学术思想译丛 |
| 510 | 1 | @aModern and Modernism@eThe Sovereignty of the Artist 1885~1925@zeng |
| 517 | 1 | @a艺术家的主权1885~1925@AYi Shu Jia De Zhu Quan 1885~1925 |
| 606 | 0 | @a现代主义@x文艺评论@y西方国家 |
| 606 | 0 | @a现代主义 |
| 606 | 0 | @a文艺评论 |
| 690 | @aI109.9@v4 | |
| 701 | 1 | @a卡尔@AKa Er@g(Karl, Frederick R.@f1927~2004)@4著 |
| 702 | 0 | @a陈永国@AChen Yong Guo@4译 |
| 702 | 0 | @a傅景川@AFu Jing Chuan@4译 |
| 801 | 0 | @aCN@bTANGWEI@c20100428 |
| 905 | @b0595878-82@dI109.9@e103@f5 | |
| 现代与现代主义:艺术家的主权1885~1925/(美)弗雷德里克·R·卡尔(Frederick R.Karl)著/陈永国,傅景川译.-北京:中国人民大学出版社,2010 |
| 10,592页;23cm.-(朗朗书房.20世纪西方学术思想译丛) |
| ISBN 978-7-300-05687-6:CNY39.80 |
| 本书是一部以现代西方一种重要文艺现象——现代主义为研究对象的论著。内容广涉文学、绘画、音乐、舞蹈、建筑、美学、哲学、心理学、自然科学等众多领域,着力澄清在此之前关于现代主义的一些模糊认识和尚未解决的问题。 |
| ● |
| 相关链接 |
|
|
|
|
正题名:现代与现代主义
索取号:I109.9/103
 
预约/预借
| 序号 | 登录号 | 条形码 | 馆藏地/架位号 | 状态 | 备注 |
| 1 | 0595878 | 205958784 | 第一样本阅览室/ [索取号:I109.9/103] | 在馆 | |
| 2 | 0595879 | 205958793 | 第二借阅区/ [索取号:I109.9/103] | 在馆 | |
| 3 | 0595880 | 205958800 | 第二借阅区/ [索取号:I109.9/103] | 在馆 | |
| 4 | 0595881 | 205958819 | 第二借阅区/ [索取号:I109.9/103] | 在馆 | |
| 5 | 0595882 | 205958828 | 第二借阅区/ [索取号:I109.9/103] | 在馆 |